| 000 | 00819nam0a22002531 4500 | ||
|---|---|---|---|
| 001 | rc\3002632 | ||
| 005 | 20250806200712.0 | ||
| 035 | _a(NLR Aleph) 007145655 | ||
| 090 |
_a63379 _c63379 |
||
| 100 | _a20110920d1942 u y0rusy50 ca | ||
| 101 | 0 | _arus | |
| 102 | _aRU | ||
| 105 | _ay z ||||| | ||
| 200 | 1 |
_aБезогневая сушка зерна _e(Сорбционная сушка) _fПроф. Л.Н. Любарский |
|
| 210 |
_aГорький _cГорьк. обл. изд-во _d1942 |
||
| 215 |
_a8 с. _d21 см |
||
| 700 | 1 |
_aЛюбарский _bЛ.Н. _gЛев Николаевич |
|
| 801 | 0 |
_aRU _bNLR _gpsbo |
|
| 801 | 1 |
_aRU _bELAR _2rusmarc |
|
| 852 |
_aNLR _bС _j50 Г-4/464 |
||
| 942 | _cBOOK | ||
| 945 | _aРоссийская национальная библиотека | ||
| 980 | _aNB | ||
| 980 | _aBV | ||